| 000 | 01421nam0a2200301 4500 | ||
|---|---|---|---|
| 001 | RU\NLR\bibl\349400 | ||
| 005 | 20260409074307.0 | ||
| 010 |
_a5-8288-0472-3 _9500 |
||
| 021 |
_aRU _b2002-27471 _91364 |
||
| 035 | _a(NLR Aleph) 000344185 | ||
| 090 |
_a235370 _c235370 |
||
| 100 | _a20021218d2001 |||y0rusy50 ca | ||
| 101 | 0 | _arus | |
| 102 | _aRU | ||
| 105 | _aa ||||||||| | ||
| 200 | 1 |
_aЛичностно-ориентированные технологии обучения студентов вузов иностранным языкам _fКузнецова Т.И. _gМ-во образования Рос. Федерации, Моск. гос. открытый пед. ун-т им. М.А. Шолохова |
|
| 210 |
_aМ. _cАльфа _d2001 |
||
| 215 |
_a118 с. _cил. _d20 |
||
| 320 | _aБиблиогр.: с. 94-118 (401 назв.) | ||
| 606 | 0 |
_aИностранные языки _xМетодика преподавания _xВысшая школа _91372118 _3RU\NLR\auth\66574991 |
|
| 606 |
_aИностранные языки _xПреподавание _xВысшая школа _92144180 _3RU\NLR\auth\661291992 |
||
| 686 | _aЧ486.17-2 | ||
| 700 | 1 |
_4070 _7ca _8rus _aКузнецова _bТ. И. _cд-р пед. наук _gТатьяна Игоревна _9106728 _3RU\NLR\auth\77123803 |
|
| 801 | 0 |
_aRU _bNLR _c20021218 _gPSBO |
|
| 801 | 1 |
_aRU _bNLR _c20021218 |
|
| 942 | _cBOOK | ||
| 980 | _aNB | ||